|
|
|
|
| LEADER |
00000cam a2200000 7i4500 |
| 001 |
0000002996 |
| 005 |
20220105103941.0 |
| 008 |
070717 |
| 020 |
|
|
|a 9838753793(set)
|
| 020 |
|
|
|a 9838753874
|
| 090 |
0 |
0 |
|a JP
|b CT MAL (3673)
|
| 100 |
0 |
|
|a Jamiliah
|
| 245 |
1 |
0 |
|a Pinangan Puteri Gunung Ledang
|c Jamiliah
|
| 260 |
|
|
|a Selangor :
|b Pustaka Mawar ,
|c 2004
|
| 440 |
|
0 |
|a Kisah lagenda melayu klasik
|
| 500 |
|
|
|a Children age 4-6 years old (yellow)
|
| 650 |
|
0 |
|a Folk literature, Malay
|
| 650 |
|
0 |
|a Tales, Malay
|
| 710 |
0 |
|
|a Title
|
| 999 |
|
|
|a 0000860967
|b Book
|c Children Collection
|e Cawangan Tmn. Ungku Tun Aminah
|
| 999 |
|
|
|a 0000971828
|b Book
|c Children Collection
|e Perbadanan Perpustakaan Awam Johor
|
| 999 |
|
|
|a 0000971829
|b Book
|c Children Collection
|e Perbadanan Perpustakaan Awam Johor
|
| 999 |
|
|
|a 0000971830
|b Book
|c Children Collection
|e Perbadanan Perpustakaan Awam Johor
|
| 999 |
|
|
|a 0000971831
|b Book
|c Children Collection
|e Perbadanan Perpustakaan Awam Johor
|
| 999 |
|
|
|a 0000971832
|b Book
|c Children Collection
|e Perbadanan Perpustakaan Awam Johor
|